A media milla de profundidad / (Record no. 31920)

MARC details
000 -LEADER
campo de control de longitud fija 00541nam a2200157 i 4500
001 - NÚMERO DE CONTROL
campo de control 31920
003 - IDENTIFICADOR DE NÚMERO DE CONTROL
campo de control ES-MaACL
007 - CAMPO FIJO DE DESCRIPCIÓN FÍSICA--INFORMACIÓN GENERAL
campo de control de longitud fija t|
008 - DATOS DE LONGITUD FIJA--INFORMACIÓN GENERAL
campo de control de longitud fija 030130s1939 sp ||||1| spa d
100 1# - ENTRADA PRINCIPAL--NOMBRE DE PERSONA
Nombre de persona Beebe, William.
9 (RLIN) 27014
245 10 - MENCIÓN DEL TÍTULO
Título A media milla de profundidad /
Mención de responsabilidad, etc. por William Beebe ; publicado bajo los auspicios de la Sociedad Zoológica de Nueva York.
260 ## - PUBLICACIÓN, DISTRIBUCIÓN, ETC.
Lugar de publicación, distribución, etc. Madrid :
Nombre del editor, distribuidor, etc. Espasa-Calpe,
Fecha de publicación, distribución, etc. 1939.
300 ## - DESCRIPCIÓN FÍSICA
Extensión 282 p., 50 lám. :
Otras características físicas il. ;
Dimensiones 24 cm.
710 2# - ENTRADA AGREGADA--NOMBRE DE ENTIDAD CORPORATIVA
Nombre de entidad corporativa o nombre de jurisdicción como elemento de entrada Sociedad Zoológica de Nueva York.
9 (RLIN) 6813
852 ## - LOCALIZACIÓN
Ubicación ES-MaACL
Número de control de estantería B-2268
Sublocalización o colección R.27033
Holdings
Estatus retirado Estado de pérdida Estado de daño No para préstamo Biblioteca de origen Biblioteca actual Ubicación en estantería Fecha de adquisición Fuente de adquisición Total de préstamos Signatura topográfica completa Código de barras Visto por última vez Precio de reemplazo Tipo de ítem Koha
        Biblioteca del Ateneo de Madrid Biblioteca del Ateneo de Madrid Sala Pardo Bazán 17/01/2008     B-2268 1033012 23/02/2023 23/02/2023 Libro impreso